[Event "4NCL Online Division 3"]
[Site "online"]
[Date "2020.05.05"]
[Round "5.84"]
[White "Shaw, David K"]
[Black "Greep, Stephen"]
[Result "1-0"]
[WhiteElo "1690"]
[BlackElo "1690"]
[PlyCount "49"]
[EventDate "2020.05.05"]
[WhiteTeam "Watford 2"]
[BlackTeam "Hull Romans"]

1. d4 c5 2. d5 d6 3. c4 e6 4. e4 Nf6 5. Nc3 exd5 6. cxd5 Nbd7 7. Nf3 Be7 8. h3
O-O 9. Bf4 Re8 10. Bd3 a6 11. O-O b5 12. b3 Bb7 13. Re1 Rc8 14. Qe2 Bf8 15. Qd2
Nb6 16. a4 c4 17. bxc4 Nxc4 18. Bxc4 bxc4 19. a5 Nd7 20. Na4 Qf6 21. Bg5 Qg6
22. Nh4 c3 23. Qf4 Rxe4 24. Rxe4 Qh5 25. g4 1-0

[Event "4NCL Online Division 3"]
[Site "online"]
[Date "2020.05.05"]
[Round "5.91"]
[White "Elwin, Adrian G"]
[Black "Roberts, David N"]
[Result "1/2-1/2"]
[WhiteElo "1982"]
[BlackElo "1967"]
[PlyCount "146"]
[EventDate "2020.05.05"]
[WhiteTeam "MK Phoenix 2"]
[BlackTeam "Horsham"]

1. d4 Nf6 2. c4 c5 3. d5 e6 4. Nc3 exd5 5. cxd5 d6 6. e4 g6 7. Nge2 Bg7 8. Ng3
h5 9. Be2 a6 10. a4 h4 11. Nf1 Nbd7 12. h3 Nh5 13. Be3 b6 14. Qd2 Qe7 15. Nh2
Nhf6 16. O-O Rb8 17. Rae1 Kf8 18. Bg5 Kg8 19. f4 Nxe4 20. Bxe7 Nxd2 21. Bxd6
Nxf1 22. Bxb8 Ng3 23. Be5 Nxe5 24. fxe5 Bxe5 25. Nf3 Bf6 26. Bc4 Kg7 27. Ne4
Nxe4 28. Rxe4 Bf5 29. Re2 b5 30. axb5 axb5 31. Bxb5 Rb8 32. Bc6 Rxb2 33. Rxb2
Bxb2 34. d6 Bf6 35. d7 Kf8 36. Ne5 Ke7 37. d8=Q+ Kxd8 38. Nxf7+ Kc7 39. Bd5 Bd3
40. Kf2 Bd4+ 41. Ke1 c4 42. Kd2 Bf1 43. Be4 Kb6 44. Ng5 Bf6 45. Ne6 c3+ 46. Kc2
Bc4 47. Nf4 g5 48. Nd5+ Bxd5 49. Bxd5 Kc5 50. Bf3 Kd4 51. Bc6 Ke3 52. Bd5 Kf4
53. Bc6 g4 54. hxg4 Kxg4 55. Bd5 Kg3 56. Bc6 h3 57. gxh3 Kxh3 58. Bd5 Bg5 59.
Kxc3 Bf4 60. Kd3 Bg3 61. Ke3 Bb8 62. Kf3 Bc7 63. Be6+ Kh4 64. Bd7 Kg5 65. Ke4
Kf6 66. Bh3 Bh2 67. Bf5 Bb8 68. Bc8 Bh2 69. Bb7 Bb8 70. Kd5 Bh2 71. Bc8 Bg3 72.
Ke4 Bh2 73. Kf3 Bb8 1/2-1/2

[Event "4NCL Online Division 3"]
[Site "online"]
[Date "2020.05.05"]
[Round "5.92"]
[White "Taylor, Alex B"]
[Black "Whiteside, Robert"]
[Result "1-0"]
[WhiteElo "1915"]
[BlackElo "1792"]
[PlyCount "69"]
[EventDate "2020.05.05"]
[WhiteTeam "Horsham"]
[BlackTeam "MK Phoenix 2"]

1. e4 e6 2. d4 d5 3. e5 c5 4. c3 Qb6 5. Nf3 Bd7 6. a3 Bb5 7. b4 cxd4 8. cxd4
Bxf1 9. Kxf1 Nc6 10. g4 Nge7 11. Kg2 Rc8 12. Qd3 Ng6 13. Be3 h5 14. g5 h4 15.
Nc3 h3+ 16. Kg3 Be7 17. Rhd1 Qc7 18. Rac1 Qb8 19. Ne2 Bd8 20. Nf4 Nxf4 21. Bxf4
Ne7 22. Rxc8 Qxc8 23. Nh4 Bb6 24. Rc1 Qd8 25. g6 fxg6 26. Nxg6 Nf5+ 27. Kf3
Nxd4+ 28. Kg4 Rh7 29. Bg5 Qd7 30. Nf8 Rh4+ 31. Bxh4 Kxf8 32. Qh7 Nf5 33. Rc8+
Kf7 34. Qh5+ g6 35. Qh7+ 1-0

[Event "4NCL Online Division 3"]
[Site "online"]
[Date "2020.05.05"]
[Round "5.93"]
[White "Edwards, Peter"]
[Black "Ashby, Nicholas G"]
[Result "0-1"]
[WhiteElo "1870"]
[BlackElo "1817"]
[PlyCount "72"]
[EventDate "2020.05.05"]
[WhiteTeam "MK Phoenix 2"]
[BlackTeam "Horsham"]

1. e4 c5 2. Nc3 g6 3. f4 d6 4. Nf3 Bg7 5. d3 Nf6 6. g3 Nc6 7. Bg2 O-O 8. O-O
Bg4 9. h3 Bxf3 10. Qxf3 Rb8 11. Be3 Nd7 12. Qf2 Nd4 13. Qd2 b5 14. Nd1 Qb6 15.
c3 Nc6 16. a3 a5 17. Kh2 b4 18. axb4 axb4 19. f5 Nde5 20. Bg5 Qb5 21. c4 Qb7
22. f6 exf6 23. Bxf6 Bxf6 24. Rxf6 Nd4 25. Ne3 Nb3 26. Qd1 Nxa1 27. Qxa1 Ra8
28. Qb1 Qa6 29. Nd5 Qa1 30. Qc2 b3 31. Qd2 Qb1 32. Rxd6 Ra1 33. h4 Ng4+ 34. Kh3
h5 35. Qg5 Nf2+ 36. Kh2 Qg1# 0-1

[Event "4NCL Online Division 3"]
[Site "online"]
[Date "2020.05.05"]
[Round "5.94"]
[White "Elwin, Adrian G"]
[Black "Roberts, David N"]
[Result "1-0"]
[WhiteElo "1525"]
[BlackElo "1051"]
[PlyCount "69"]
[EventDate "2020.05.05"]
[WhiteTeam "Horsham"]
[BlackTeam "MK Phoenix 2"]

1. e4 c5 2. Nf3 Nc6 3. d4 cxd4 4. Nxd4 e5 5. Nb5 d6 6. c4 Be7 7. N1c3 a6 8. Na3
Nf6 9. Be2 O-O 10. Be3 Be6 11. O-O Rc8 12. Rc1 Nd7 13. Nc2 Bg5 14. Qxd6 Bxe3
15. Nxe3 Nf6 16. Qxd8 Rfxd8 17. Rfd1 Nd4 18. Bf1 Kf8 19. b3 Ne8 20. Ned5 f6 21.
h3 Nc7 22. f4 a5 23. fxe5 fxe5 24. Ne2 Nxe2+ 25. Bxe2 Na6 26. Bf3 Nc5 27. Rc3
g6 28. a3 Na6 29. Rb1 Nb8 30. b4 Nc6 31. Rcc1 axb4 32. axb4 Nd4 33. Nb6 Rc6 34.
c5 Rdc8 35. Nxc8 1-0

[Event "4NCL Online Division 3"]
[Site "online"]
[Date "2020.05.05"]
[Round "5.102"]
[White "Lockett, Karl"]
[Black "Huseletov, Stanislav"]
[Result "0-1"]
[WhiteElo "1810"]
[BlackElo "1810"]
[PlyCount "72"]
[EventDate "2020.05.05"]
[WhiteTeam "Crewe"]
[BlackTeam "Nottingham University 1"]

1. Nf3 d5 2. c4 d4 3. e3 c5 4. b4 dxe3 5. fxe3 cxb4 6. d4 e6 7. Bd3 Nf6 8. O-O
Be7 9. a3 Nc6 10. Bb2 O-O 11. Nbd2 bxa3 12. Bxa3 Bxa3 13. Rxa3 b6 14. Nb3 Nd7
15. e4 e5 16. d5 Nb4 17. Qd2 Qc7 18. Qxb4 a5 19. Qd2 Ba6 20. Rc1 Rfc8 21. c5
Bxd3 22. Qxd3 a4 23. Nbd2 Nxc5 24. Qc3 f6 25. Ne1 b5 26. Nd3 Qb6 27. Kh1 Nxd3
28. Qxc8+ Rxc8 29. Rxc8+ Kf7 30. Rxd3 Qf2 31. Rc7+ Ke8 32. h3 Qe2 33. Rg3 g5
34. Rf3 Qxd2 35. Rxf6 g4 36. d6 Qe1+ 0-1

[Event "4NCL Online Division 3"]
[Site "online"]
[Date "2020.05.05"]
[Round "5.103"]
[White "Majid, Haroon"]
[Black "Gardiner, Harry"]
[Result "1-0"]
[WhiteElo "1772"]
[BlackElo "1697"]
[PlyCount "59"]
[EventDate "2020.05.05"]
[WhiteTeam "Nottingham University 1"]
[BlackTeam "Crewe"]

1. e4 c5 2. Nf3 d6 3. d4 cxd4 4. Nxd4 Nf6 5. Nc3 a6 6. Be3 e5 7. Nb3 Be6 8. f3
Be7 9. Qd2 O-O 10. O-O-O b5 11. g4 Nbd7 12. Rg1 Nc5 13. g5 Nxb3+ 14. axb3 Ne8
15. Nd5 Bxd5 16. exd5 f5 17. gxf6 Bxf6 18. Bh3 Nc7 19. Bf5 a5 20. Qd3 a4 21.
Bxh7+ Kh8 22. Bg6 axb3 23. Qf5 Ra1+ 24. Kd2 Rxd1+ 25. Kxd1 bxc2+ 26. Kxc2 Kg8
27. Qh5 Re8 28. Bg5 Kf8 29. Qh8+ Ke7 30. Qxg7# 1-0

[Event "4NCL Online Division 3"]
[Site "online"]
[Date "2020.05.05"]
[Round "5.104"]
[White "Layhe, Neville"]
[Black "Burenius, Axel"]
[Result "1-0"]
[WhiteElo "1607"]
[BlackElo "1765"]
[PlyCount "55"]
[EventDate "2020.05.05"]
[WhiteTeam "Crewe"]
[BlackTeam "Nottingham University 1"]

1. d4 Nf6 2. e3 d5 3. Bd3 e6 4. Nd2 c5 5. c3 Nc6 6. f4 Be7 7. Ngf3 Bd7 8. Ne5
a6 9. O-O c4 10. Bc2 b5 11. a3 a5 12. Qf3 Bd6 13. g4 O-O 14. g5 Ne8 15. Bxh7+
Kxh7 16. Qh5+ Kg8 17. Rf3 g6 18. Qh6 Ng7 19. Rh3 Nh5 20. Nxg6 fxg6 21. Qxg6+
Ng7 22. Qh7+ Kf7 23. g6+ Kf6 24. Qh6 Ke7 25. Qxg7+ Ke8 26. Rh7 Ra7 27. Qh6 Ne7
28. g7 1-0

[Event "4NCL Online Division 3"]
[Site "online"]
[Date "2020.05.05"]
[Round "5.111"]
[White "Peacock, Malcolm R"]
[Black "Silva Peña, Ángel David"]
[Result "1-0"]
[WhiteElo "2072"]
[BlackElo "1862"]
[PlyCount "65"]
[EventDate "2020.05.05"]
[WhiteTeam "Preston South End"]
[BlackTeam "Wimbledon 2"]

1. c4 Nf6 2. g3 e6 3. Bg2 d5 4. Nf3 Be7 5. O-O O-O 6. Qc2 c5 7. d4 b6 8. Rd1
Qc7 9. Nc3 Bb7 10. Bf4 Qc8 11. cxd5 exd5 12. dxc5 Bxc5 13. Rac1 h6 14. Nb5 Na6
15. Qb1 Qe8 16. Nfd4 Ne4 17. Be3 h5 18. a3 h4 19. g4 f5 20. gxf5 g6 21. Bxe4
dxe4 22. fxg6 Qxg6+ 23. Kh1 Kh7 24. Rg1 Qf6 25. b4 Bxd4 26. Bxd4 Qf5 27. Rg7+
Kh6 28. Rxb7 Qxb5 29. Qxe4 Qf5 30. Be3+ Kh5 31. Rh7+ Kg6 32. Rh6+ Kg7 33. Rg1+
1-0

[Event "4NCL Online Division 3"]
[Site "online"]
[Date "2020.05.05"]
[Round "5.113"]
[White "Pennington, Geoffrey"]
[Black "Williams, Michael D"]
[Result "1-0"]
[WhiteElo "1742"]
[BlackElo "1765"]
[PlyCount "31"]
[EventDate "2020.05.05"]
[WhiteTeam "Preston South End"]
[BlackTeam "Wimbledon 2"]

1. e4 c6 2. d3 d5 3. Nd2 dxe4 4. dxe4 e5 5. Ngf3 f6 6. Bc4 Bc5 7. O-O Bg4 8. c3
Nd7 9. Qb3 Ne7 10. Bf7+ Kf8 11. h3 Bxf3 12. Nxf3 Qc7 13. Bh5 g6 14. Bh6+ Ke8
15. Bg4 Ng8 16. Bg7 1-0

[Event "4NCL Online Division 3"]
[Site "online"]
[Date "2020.05.05"]
[Round "5.114"]
[White "Slonczuk, Pawel"]
[Black "Tuke, David"]
[Result "1-0"]
[WhiteElo "1660"]
[BlackElo "1675"]
[PlyCount "103"]
[EventDate "2020.05.05"]
[WhiteTeam "Wimbledon 2"]
[BlackTeam "Preston South End"]

1. d4 d5 2. Nc3 e6 3. e4 Bb4 4. a3 Bf8 5. Nf3 b6 6. Bb5+ Bd7 7. Be2 Bc6 8. e5
Be7 9. Bd3 Nd7 10. O-O f6 11. Nh4 Nf8 12. Qh5+ Kd7 13. Qg4 fxe5 14. dxe5 g5 15.
Nf3 h5 16. Qg3 h4 17. Qh3 Nh6 18. Nd4 Bb7 19. a4 a5 20. Bb5+ c6 21. Bd3 Qe8 22.
Nxd5 g4 23. Nxb6+ Kd8 24. Qe3 Rb8 25. Nc4 Ra8 26. Bd2 Kc8 27. Nb6+ Kb8 28. Nxa8
Kxa8 29. Bxa5 Rg8 30. Bd2 Bg5 31. Qe2 Qd7 32. c3 h3 33. Bxg5 Rxg5 34. Be4 Ng6
35. Nxc6 Bxc6 36. Qa6+ Kb8 37. Qxc6 Qxc6 38. Bxc6 Nxe5 39. Be4 hxg2 40. Bxg2
Nf3+ 41. Bxf3 gxf3+ 42. Kh1 Ng4 43. h3 Nf6 44. Rg1 Rh5 45. Rg3 Rf5 46. Re1 e5
47. Rg6 Nh5 48. Re6 Nf4 49. R6xe5 Rf6 50. Re7 Nxh3 51. Rh7 Nxf2+ 52. Kg1 1-0

[Event "4NCL Online Division 3"]
[Site "online"]
[Date "2020.05.05"]
[Round "5.121"]
[White "Archer, Richard"]
[Black "Boardman, Jeffrey"]
[Result "1-0"]
[WhiteElo "1997"]
[BlackElo "1974"]
[PlyCount "109"]
[EventDate "2020.05.05"]
[WhiteTeam "Shropshire 2"]
[BlackTeam "Railsport"]

1. e4 c5 2. Nf3 Nc6 3. d4 cxd4 4. Nxd4 e5 5. Nb5 a6 6. Nd6+ Bxd6 7. Qxd6 Qf6 8.
Qd3 d5 9. Nd2 d4 10. Be2 Be6 11. O-O Nge7 12. a3 O-O 13. Qf3 Qg6 14. Qg3 Qxg3
15. hxg3 b5 16. b3 Rfd8 17. Bb2 b4 18. Nc4 f6 19. f4 Nc8 20. Rfc1 Nd6 21. Nxd6
Rxd6 22. axb4 Nxb4 23. Ba3 Rb8 24. Bxb4 Rxb4 25. Rxa6 Rxa6 26. Bxa6 Rb6 27. Ra1
g5 28. Kf2 gxf4 29. gxf4 Rc6 30. Bd3 exf4 31. Kf3 Rc3 32. Ra3 h5 33. Kxf4 Kf7
34. Kf3 Kg6 35. Ke2 f5 36. exf5+ Bxf5 37. Ra6+ Kg5 38. Ra5 Rxd3 39. cxd3 Kf4
40. Rxf5+ Kxf5 41. Kf3 Ke5 42. b4 Kf5 43. b5 Ke5 44. b6 Kd6 45. Ke4 Kc6 46.
Kxd4 Kxb6 47. Ke5 Kc7 48. d4 Kd7 49. d5 Ke7 50. d6+ Kd8 51. Ke6 Ke8 52. d7+ Kd8
53. g3 h4 54. gxh4 Kc7 55. Ke7 1-0

[Event "4NCL Online Division 3"]
[Site "online"]
[Date "2020.05.05"]
[Round "5.123"]
[White "Ilesanmi, Olusegun"]
[Black "Jones, H Trevor"]
[Result "1-0"]
[WhiteElo "1907"]
[BlackElo "1795"]
[PlyCount "147"]
[EventDate "2020.05.05"]
[WhiteTeam "Shropshire 2"]
[BlackTeam "Railsport"]

1. e4 c6 2. c4 d5 3. exd5 cxd5 4. cxd5 Nf6 5. Qa4+ Bd7 6. Qb4 Qc7 7. Nc3 e6 8.
Qc4 Qe5+ 9. Be2 exd5 10. Qb3 Bc6 11. Nf3 Qd6 12. d4 Qb4 13. Qc2 Be7 14. a3 Qb6
15. Be3 O-O 16. Rd1 Nbd7 17. h3 Rac8 18. O-O a6 19. Ne5 h6 20. Bd3 Bb5 21. Qb1
Bxd3 22. Rxd3 Qa5 23. Bf4 Bxa3 24. Rg3 Nxe5 25. Bxe5 Nh5 26. Ne2 Nxg3 27. Nxg3
f6 28. Bf4 Bb4 29. Qg6 Bd2 30. Nf5 Rc7 31. Bd6 Bb4 32. Nxh6+ Kh8 33. Bxf8 Bxf8
34. Qe8 Qb4 35. Nf5 Rc2 36. Qh5+ Kg8 37. Nh6+ Kh8 38. Nf7+ Kg8 39. Nh6+ Kh8 40.
Ng4+ Kg8 41. Qxd5+ Kh8 42. Qh5+ Kg8 43. Nxf6+ gxf6 44. Qg6+ Bg7 45. Qxc2 Qxd4
46. Rd1 Qe5 47. Qc8+ Kh7 48. Qxb7 Kg6 49. b3 Qe2 50. Qd7 Bh6 51. Qd3+ Qxd3 52.
Rxd3 Bf8 53. Rd8 Bb4 54. Kf1 a5 55. Ke2 Kg5 56. g3 f5 57. f4+ Kg6 58. Rg8+ Kf6
59. Kd3 Kf7 60. Rb8 Be1 61. g4 fxg4 62. hxg4 Bg3 63. Ke4 Kf6 64. Rb6+ Kf7 65.
Ra6 Be1 66. Kf5 Bc3 67. Ra7+ Kf8 68. Ke6 Kg8 69. f5 Kh8 70. g5 Kg8 71. f6 Bb4
72. g6 a4 73. Ra8+ Bf8 74. g7 1-0

[Event "4NCL Online Division 3"]
[Site "online"]
[Date "2020.05.05"]
[Round "5.124"]
[White "Broad, Michael J"]
[Black "Clark, Matthew D H"]
[Result "1/2-1/2"]
[WhiteElo "1720"]
[BlackElo "1892"]
[PlyCount "104"]
[EventDate "2020.05.05"]
[WhiteTeam "Railsport"]
[BlackTeam "Shropshire 2"]

1. d4 Nf6 2. c4 e5 3. dxe5 Ng4 4. Bf4 Bb4+ 5. Nd2 Nc6 6. Ngf3 Qe7 7. a3 Ngxe5
8. Nxe5 Nxe5 9. e3 Bxd2+ 10. Qxd2 d6 11. Be2 Bd7 12. O-O Bc6 13. b4 b6 14. a4
O-O 15. Rfd1 Bb7 16. Qc3 Rfe8 17. a5 Ng6 18. Qd4 Nxf4 19. Qxf4 Qe4 20. Qxe4
Bxe4 21. Rd4 Kf8 22. f3 Bc6 23. Kf2 bxa5 24. Rxa5 Re5 25. b5 Bb7 26. Ra3 a5 27.
bxa6 Rxa6 28. Rxa6 Bxa6 29. e4 Ra5 30. Ke3 Ke7 31. Rd5 Ra2 32. Rd2 Ra4 33. Rc2
Ra5 34. Rc3 Rc5 35. Kd4 Bc8 36. Bd3 Be6 37. Be2 Kd7 38. Bd3 Ra5 39. Rc2 Ra3 40.
c5 Ra4+ 41. Ke3 dxc5 42. Rxc5 Ra3 43. Rc2 Ra2 44. Kd4 Rxc2 45. Bxc2 f6 46. f4
g5 47. g3 h5 48. e5 fxe5+ 49. fxe5 h4 50. Ba4+ Kd8 51. Kc5 hxg3 52. hxg3 Kc8
1/2-1/2

[Event "4NCL Online Division 3"]
[Site "online"]
[Date "2020.05.05"]
[Round "5.131"]
[White "French, Angus J"]
[Black "Thomson, Neil"]
[Result "0-1"]
[WhiteElo "1952"]
[BlackElo "1960"]
[PlyCount "100"]
[EventDate "2020.05.05"]
[WhiteTeam "Streatham B"]
[BlackTeam "Four Horsemen"]

1. e4 e5 2. Nf3 Nc6 3. d4 exd4 4. Nxd4 Bc5 5. Nxc6 bxc6 6. Bd3 d6 7. Qh5 Nf6 8.
Qh4 d5 9. Bg5 Be7 10. exd5 cxd5 11. O-O Be6 12. Nd2 h6 13. Bb5+ Nd7 14. Bxe7
Qxe7 15. Qxe7+ Kxe7 16. Rfe1 Rab8 17. a4 a6 18. Bxa6 Rxb2 19. Bd3 Nc5 20. Bf5
Ra8 21. a5 Kd6 22. Bxe6 Nxe6 23. Rec1 Nd4 24. Kf1 Nxc2 25. Ra4 Nb4 26. Nf3 Nd3
27. Rc3 Rb1+ 28. Ke2 Nf4+ 29. Kd2 g5 30. g3 Ne6 31. Rc2 Nc5 32. Ra3 Rb5 33.
Rca2 Rbxa5 34. Rxa5 Rxa5 35. Rc2 Ne4+ 36. Ke2 Ra2 37. Nd4 Rxc2+ 38. Nxc2 Kc5
39. f3 Nd6 40. Kd3 Nc4 41. Nd4 Ne5+ 42. Ke3 g4 43. f4 Nf3 44. Nxf3 gxf3 45.
Kxf3 Kc4 46. g4 Kc3 47. Ke2 d4 48. Kd1 Kd3 49. h4 Ke4 50. g5 h5 0-1

[Event "4NCL Online Division 3"]
[Site "online"]
[Date "2020.05.05"]
[Round "5.132"]
[White "Murdochy, Shivan"]
[Black "Hylands, Liam M"]
[Result "1/2-1/2"]
[WhiteElo "1887"]
[BlackElo "1912"]
[PlyCount "122"]
[EventDate "2020.05.05"]
[WhiteTeam "Four Horsemen"]
[BlackTeam "Streatham B"]

1. d4 d5 2. c4 c6 3. cxd5 cxd5 4. Nc3 Nf6 5. Bf4 Nc6 6. e3 Bf5 7. Qb3 Na5 8.
Qa4+ Bd7 9. Qc2 Rc8 10. Bd3 b5 11. a3 e6 12. Nf3 b4 13. axb4 Bxb4 14. O-O O-O
15. Bg5 h6 16. Bh4 Be7 17. Ne5 Be8 18. f4 Qc7 19. Qe2 Nc4 20. Rac1 Qb7 21. g4
Qxb2 22. Bxc4 Qxe2 23. Bxe2 Ba3 24. Na2 Bxc1 25. Rxc1 Rxc1+ 26. Nxc1 Ba4 27.
Bxf6 gxf6 28. Ned3 Bb5 29. Kf2 Rb8 30. Nc5 Bxe2 31. Nxe2 Rb2 32. h4 a5 33. Kf3
Rc2 34. f5 e5 35. Kf2 Rc4 36. Ke1 a4 37. Kd2 a3 38. Nb3 a2 39. Kd3 Ra4 40. Na1
Rb4 41. Nc1 Rb1 42. Ncb3 Rg1 43. g5 hxg5 44. hxg5 Rxg5 45. Kc2 Rxf5 46. Kb2
Rf2+ 47. Nc2 Kf8 48. Nba1 exd4 49. exd4 f5 50. Kxa2 f4 51. Kb3 Re2 52. Kc3 f3
53. Kd3 f5 54. Ne3 f4 55. Ng4 Rg2 56. Ne5 f2 57. Ke2 Rg1 58. Kxf2 Rxa1 59. Nd3
Ra4 60. Nxf4 Rxd4 61. Ne6+ Ke7 1/2-1/2

[Event "4NCL Online Division 3"]
[Site "online"]
[Date "2020.05.05"]
[Round "5.133"]
[White "Titorenko, Kostyantyn"]
[Black "Gillespie, David Paul"]
[Result "1/2-1/2"]
[WhiteElo "1930"]
[BlackElo "1862"]
[PlyCount "72"]
[EventDate "2020.05.05"]
[WhiteTeam "Streatham B"]
[BlackTeam "Four Horsemen"]

1. e4 c5 2. Nc3 d6 3. g3 Nc6 4. Bg2 g6 5. d3 Bg7 6. Be3 e5 7. Qd2 Nge7 8. Bh6
Bxh6 9. Qxh6 Nd4 10. Qd2 Qa5 11. Nge2 Bg4 12. Nxd4 cxd4 13. Ne2 Qxd2+ 14. Kxd2
Rc8 15. f3 Be6 16. a3 h5 17. h4 Kd7 18. Rac1 Rc7 19. c3 dxc3+ 20. Rxc3 Rhc8 21.
Rhc1 a6 22. d4 Rxc3 23. Rxc3 Bc4 24. Bh3+ Be6 25. Bxe6+ fxe6 26. Rxc8 Kxc8 27.
dxe5 dxe5 28. f4 Nc6 29. b3 Kd7 30. fxe5 Nxe5 31. Nf4 Kd6 32. Kc3 b6 33. Kd4
Nc6+ 34. Kc3 Ne5 35. Kd4 Nc6+ 36. Kc3 Ne5 1/2-1/2

[Event "4NCL Online Division 3"]
[Site "online"]
[Date "2020.05.05"]
[Round "5.134"]
[White "Gillespie, Gary"]
[Black "Smith, Martin G"]
[Result "0-1"]
[WhiteElo "1843"]
[BlackElo "1945"]
[PlyCount "68"]
[EventDate "2020.05.05"]
[WhiteTeam "Four Horsemen"]
[BlackTeam "Streatham B"]

1. d4 g6 2. e4 Bg7 3. Nc3 d6 4. Nf3 a6 5. a4 Nd7 6. Be3 e6 7. Qd2 h6 8. Bd3 b6
9. O-O Ne7 10. h4 Bb7 11. Rfe1 Nf6 12. Rad1 Qd7 13. Bf1 Nxe4 14. Nxe4 Bxe4 15.
Be2 Nd5 16. c4 Nxe3 17. Qxe3 Bb7 18. b3 O-O 19. Bd3 Rae8 20. Bc2 Qe7 21. h5 Qf6
22. hxg6 fxg6 23. Nd2 Qf4 24. Bxg6 Re7 25. d5 e5 26. Nf3 Qg4 27. Be4 Ref7 28.
Nh2 Qh4 29. Nf3 Qh5 30. Qd3 Rf6 31. Rf1 Bc8 32. Ne1 Rf4 33. g3 Rxe4 34. Qxe4
Qxd1 0-1

[Event "4NCL Online Division 3"]
[Site "online"]
[Date "2020.05.05"]
[Round "5.141"]
[White "Dicks, Duncan"]
[Black "Tambini, Jasper"]
[Result "1-0"]
[WhiteElo "2155"]
[BlackElo "2040"]
[PlyCount "107"]
[EventDate "2020.05.05"]
[WhiteTeam "Stroud The Young"]
[BlackTeam "Surbiton 2"]

1. e4 e5 2. Nf3 Nc6 3. d4 exd4 4. Nxd4 Nf6 5. Nxc6 bxc6 6. e5 Qe7 7. Qe2 Nd5 8.
c4 Ba6 9. b3 g6 10. Nd2 Bg7 11. Bb2 O-O 12. Qe4 Nb6 13. O-O-O d5 14. exd6 Bxb2+
15. Kxb2 Qf6+ 16. Kb1 cxd6 17. Qf3 Qg7 18. Ne4 f5 19. Nxd6 Na4 20. Rd2 Nc3+ 21.
Kc1 Ne4 22. Nxe4 Qa1+ 23. Kc2 fxe4 24. Qc3 Qxa2+ 25. Qb2 Qa5 26. Qc3 Qf5 27. g4
Qxg4 28. Bh3 Qf4 29. Be6+ Rf7 30. Qe3 Qf6 31. Bxf7+ Qxf7 32. Qd4 Bc8 33. Rhd1
Bf5 34. Qe3 Qf6 35. Rd6 Qe5 36. Rd8+ Rxd8 37. Rxd8+ Kg7 38. Qxa7+ Kh6 39. Qe3+
g5 40. h4 Qf4 41. hxg5+ Kxg5 42. Qxf4+ Kxf4 43. Kd2 h5 44. b4 h4 45. b5 cxb5
46. cxb5 h3 47. Rh8 Kf3 48. Ke1 Kg2 49. b6 e3 50. f3 h2 51. Rxh2+ Kxh2 52. b7
Kg3 53. Ke2 Bd3+ 54. Kxe3 1-0

[Event "4NCL Online Division 3"]
[Site "online"]
[Date "2020.05.05"]
[Round "5.142"]
[White "Bayly, Liam"]
[Black "Francis, Joel"]
[Result "0-1"]
[WhiteElo "1937"]
[BlackElo "1675"]
[PlyCount "52"]
[EventDate "2020.05.05"]
[WhiteTeam "Surbiton 2"]
[BlackTeam "Stroud The Young"]

1. d4 Nf6 2. Nc3 d5 3. Bf4 c6 4. e3 Bf5 5. f3 e6 6. g4 Bg6 7. h4 h6 8. Bd3 Bxd3
9. Qxd3 Bb4 10. Nge2 Nbd7 11. O-O-O Nb6 12. g5 hxg5 13. hxg5 Nh5 14. Ng3 Nxf4
15. Rxh8+ Ke7 16. exf4 Qxh8 17. Rh1 Qg8 18. f5 Nc4 19. fxe6 fxe6 20. Rh7 Bxc3
21. bxc3 Qf8 22. Nh5 Kd8 23. Qg6 Qa3+ 24. Kd1 Qxc3 25. Rh8+ Kc7 26. Qxg7+ Kb6
0-1

[Event "4NCL Online Division 3"]
[Site "online"]
[Date "2020.05.05"]
[Round "5.143"]
[White "Southcott-Moyers, Indy"]
[Black "Faulks, Nick"]
[Result "1-0"]
[WhiteElo "1442"]
[BlackElo "1960"]
[PlyCount "91"]
[EventDate "2020.05.05"]
[WhiteTeam "Stroud The Young"]
[BlackTeam "Surbiton 2"]

1. d4 Nf6 2. c4 c5 3. d5 e6 4. Nc3 exd5 5. cxd5 d6 6. e4 g6 7. Nf3 Bg7 8. Be2
O-O 9. O-O Bg4 10. Nd2 Bxe2 11. Qxe2 a6 12. a4 Nbd7 13. Nc4 Nb6 14. f3 Nxc4 15.
Qxc4 Nh5 16. Be3 Qh4 17. Bf2 Qg5 18. Rfe1 Nf4 19. Qf1 Nh3+ 20. Kh1 Nxf2+ 21.
Qxf2 Be5 22. Rf1 Qf4 23. g3 Qf6 24. Rac1 h5 25. f4 Bd4 26. Qf3 Rfe8 27. Rc2
Rab8 28. Rb1 Qe7 29. Re2 b5 30. axb5 axb5 31. Qd3 b4 32. Na4 Bg7 33. b3 h4 34.
Kg2 hxg3 35. hxg3 f5 36. Rbe1 fxe4 37. Qxe4 Qxe4+ 38. Rxe4 Kf7 39. Rxe8 Rxe8
40. Rxe8 Kxe8 41. Nb6 Kf7 42. Nc4 Bf8 43. Kf3 Kf6 44. g4 Be7 45. g5+ Kf7 46.
Kg4 1-0

[Event "4NCL Online Division 3"]
[Site "online"]
[Date "2020.05.05"]
[Round "5.144"]
[White "Janota, Paul S"]
[Black "Carey, Alex"]
[Result "1-0"]
[WhiteElo "1844"]
[BlackElo "1442"]
[PlyCount "107"]
[EventDate "2020.05.05"]
[WhiteTeam "Surbiton 2"]
[BlackTeam "Stroud The Young"]

1. e4 c5 2. Nf3 Nc6 3. Be2 d6 4. c3 Nf6 5. d4 cxd4 6. cxd4 Nxe4 7. d5 Qa5+ 8.
Nc3 Nxc3 9. bxc3 Ne5 10. Nxe5 dxe5 11. O-O g6 12. Rb1 Bg7 13. Bb5+ Kf8 14. d6
exd6 15. Qxd6+ Kg8 16. Rd1 Bf5 17. Rb2 Qxc3 18. Rb3 Qc8 19. Ba3 a6 20. Bd7 Bxd7
21. Qxd7 Qxd7 22. Rxd7 b5 23. g3 Bf6 24. Rc3 Bd8 25. Rcd3 Bb6 26. Bb2 Re8 27.
Rb7 Bc5 28. Rdd7 Kg7 29. Rxf7+ Kh6 30. Bc1+ Kh5 31. Rxh7+ Rxh7 32. Rxh7+ Kg4
33. h3+ Kf5 34. Rf7+ Ke6 35. Rg7 Kf6 36. Rc7 Bb6 37. Rc6+ Re6 38. Bg5+ Kf7 39.
Rc8 Rd6 40. Kg2 Ke6 41. h4 Rd1 42. Re8+ Kd5 43. Rg8 Bd4 44. Rxg6 a5 45. h5 a4
46. h6 b4 47. h7 e4 48. Bf6 b3 49. axb3 axb3 50. Bxd4 Rxd4 51. h8=Q Kc4 52.
Qg8+ Kc3 53. Rc6+ Kb2 54. Qg7 1-0

[Event "4NCL Online Division 3"]
[Site "online"]
[Date "2020.05.05"]
[Round "5.151"]
[White "Pleasants, Allan J"]
[Black "Finn, Peter"]
[Result "0-1"]
[WhiteElo "2001"]
[BlackElo "1959"]
[PlyCount "102"]
[EventDate "2020.05.05"]
[WhiteTeam "Wessex Some Stars B"]
[BlackTeam "CSC 3"]

1. Nf3 Nf6 2. g3 d5 3. Bg2 e6 4. O-O Be7 5. d3 O-O 6. Nbd2 b6 7. e4 dxe4 8.
dxe4 Bb7 9. Qe2 Qc8 10. b3 Rd8 11. Bb2 a5 12. a3 Na6 13. e5 Nd7 14. Rfe1 Bd5
15. Ne4 Qb7 16. Nc3 Bc6 17. Nb5 Ndc5 18. Nbd4 Bd5 19. Rad1 Rac8 20. Qe3 Qa8 21.
Qf4 h6 22. Bf1 Nb8 23. h4 Nbd7 24. Nd2 Nf8 25. c4 Bb7 26. Qe3 Kh7 27. Ba1 g6
28. b4 axb4 29. axb4 Na6 30. b5 Nb4 31. Rc1 Bc5 32. Qf4 Rd7 33. N2b3 Bxd4 34.
Nxd4 c5 35. bxc6 Nxc6 36. Nb5 Nd8 37. Rcd1 Ba6 38. Nd6 Rcc7 39. Bb2 Qc6 40. Bc1
h5 41. Bg2 Qa4 42. Qh6+ Kg8 43. Bf3 Bxc4 44. Nxc4 Qxc4 45. Ba3 Nh7 46. Rc1 Qb3
47. Rxc7 Rxc7 48. Rd1 Rc8 49. Be7 Qxf3 50. Rxd8+ Rxd8 51. Bxd8 Qd1+ 0-1

[Event "4NCL Online Division 3"]
[Site "online"]
[Date "2020.05.05"]
[Round "5.152"]
[White "Samarasinghe Jude, Ranga"]
[Black "Mcleod, Fraser"]
[Result "1-0"]
[WhiteElo "1924"]
[BlackElo "2012"]
[PlyCount "69"]
[EventDate "2020.05.05"]
[WhiteTeam "CSC 3"]
[BlackTeam "Wessex Some Stars B"]

1. e4 c5 2. Nf3 d6 3. d4 cxd4 4. Nxd4 Nf6 5. Nc3 a6 6. Be2 e5 7. Nb3 Be6 8. f4
Qc7 9. f5 Bc4 10. Bf3 b5 11. g4 b4 12. Ne2 Nfd7 13. Be3 Nc6 14. Ng3 Rc8 15. Be2
Bxe2 16. Qxe2 a5 17. O-O h6 18. Rad1 Be7 19. Nh5 Rh7 20. Rf2 a4 21. Nd2 Na5 22.
Qb5 Nc4 23. Nxc4 Qxc4 24. Qb7 Rc7 25. Qa8+ Rc8 26. Qb7 Rc7 27. Qd5 Bh4 28. Qxd6
Bxf2+ 29. Kxf2 Qxc2+ 30. Rd2 Qc6 31. Qxb4 g6 32. f6 Nxf6 33. Qb8+ Ke7 34. Qd8+
Ke6 35. Qxf6# 1-0